| 000 | 00598nam a2200193 u 4500 | ||
|---|---|---|---|
| 005 | 20210223132053.0 | ||
| 008 | 130430s2011 r 000 0 eng d | ||
| 020 | _a9788434470552 | ||
| 035 | _aUPN01000190918 | ||
| 049 | _aCG | ||
| 050 | 4 |
_aPN441 _bT4.6 |
|
| 245 | 1 | 0 |
_aTeorĂa literaria y literatura comparada / _cJordi Llovet ... [et al.] |
| 260 |
_aBarcelona, Esp. : _bAriel, _c2011. |
||
| 300 | _a459 p. | ||
| 650 | 4 |
_aLITERATURA - _xHISTORIA Y CRITICA - _vTEORIA, METODOS, ETC. _920410 |
|
| 650 | 4 |
_aLITERATURA COMPARADA _921918 |
|
| 700 | 1 |
_aLlovet, Jordi, _d1947- _ecoaut. |
|
| 905 | _aLibro | ||
| 999 |
_c163021 _d163021 |
||